[Event "Int. Stuttgarter Stadtmeisterschaft C"]
[Site "Ditzingen"]
[Date "2013.05.09"]
[Round "2.8"]
[White "Bauer, Frank"]
[Black "Spasovski, Dusan"]
[Result "1/2-1/2"]
[WhiteElo "1304"]
[BlackElo "1111"]
[PlyCount "55"]
[EventDate "2013.??.??"]
[WhiteTeam "SC Feuerbach e. V."]
[BlackTeam "VfL Sindelfingen"]

1. d4 e6 2. c4 d5 3. Nf3 c6 4. g3 Nf6 5. cxd5 cxd5 6. Bg2 Be7 7. O-O O-O 8. Nc3
Nc6 9. Bf4 Bd6 10. Bxd6 Qxd6 11. Rc1 e5 12. dxe5 Nxe5 13. Nxe5 Qxe5 14. h3 Be6
15. e3 Qd6 16. Qd4 Qd7 17. Kh2 Rac8 18. Qxa7 Rc7 19. Qd4 Rc4 20. Qd3 d4 21.
exd4 Rxd4 22. Qb5 Qxb5 23. Nxb5 Rb4 24. Nc3 Rxb2 25. Rb1 Rc2 26. Ne4 Nxe4 27.
Bxe4 Rxa2 28. Kg2 1/2-1/2

[Event "Int. Stuttgarter Stadtmeisterschaft C"]
[Site "Ditzingen"]
[Date "2013.05.09"]
[Round "2.9"]
[White "Günther, Niclas"]
[Black "Fink, Konstantin"]
[Result "0-1"]
[WhiteElo "728"]
[BlackElo "1289"]
[PlyCount "92"]
[EventDate "2013.??.??"]
[WhiteTeam "SF Freiberg"]
[BlackTeam "SC Lechhausen"]

1. e3 Nf6 2. d4 g6 3. Nc3 Bg7 4. Bd3 O-O 5. Nf3 d6 6. e4 Nc6 7. Nd5 Nxd5 8.
exd5 Nxd4 9. Nxd4 Bxd4 10. Bh6 Bg7 11. Qd2 e6 12. Bxg7 Kxg7 13. Qc3+ Kg8 14.
dxe6 Bxe6 15. O-O Bd5 16. Rae1 Qg5 17. Be4 Bxe4 18. Rxe4 Rac8 19. h4 Qd8 20.
Qg3 Qf6 21. Rb4 b6 22. h5 Qe5 23. Qxe5 dxe5 24. Rg4 Kg7 25. Rd1 Rfd8 26. Rd3
Rxd3 27. cxd3 Rd8 28. Rg3 Kh6 29. hxg6 hxg6 30. Rh3+ Kg7 31. Kf1 Rd5 32. Ke2
Ra5 33. Re3 Rxa2 34. Rxe5 Rxb2+ 35. Ke3 Kf6 36. Kf4 Rb4+ 37. Re4 Rxe4+ 38. Kxe4
a5 39. d4 a4 40. d5 a3 41. Kd4 a2 42. Kc4 a1=Q 43. Kb5 Ke5 44. Kc6 Qc3+ 45. Kb5
Kxd5 46. f3 Qa5# 0-1

[Event "Int. Stuttgarter Stadtmeisterschaft C"]
[Site "Ditzingen"]
[Date "2013.05.09"]
[Round "2.13"]
[White "Castiglione, David"]
[Black "Milarch, Harald"]
[Result "1-0"]
[WhiteElo "1116"]
[BlackElo "1326"]
[PlyCount "143"]
[EventDate "2013.??.??"]
[WhiteTeam "SC Ingersheim e.V."]
[BlackTeam "SC Schachmatt Botnang"]

1. d4 d5 2. c4 c6 3. Nc3 Nf6 4. Bg5 h6 5. Bh4 Bf5 6. e3 e6 7. Bxf6 Qxf6 8. Bd3
Bb4 9. Nge2 dxc4 10. Bxf5 Qxf5 11. O-O O-O 12. Ng3 Qg6 13. Qa4 Bxc3 14. bxc3 b5
15. Qb4 f5 16. a4 Qe8 17. axb5 cxb5 18. Rfe1 a6 19. e4 f4 20. Nf1 Qd7 21. Nd2
Nc6 22. Qb2 Rfe8 23. Nf3 a5 24. Qxb5 Nb8 25. Qxc4 Rc8 26. Qb3 Qc6 27. Rac1 Nd7
28. d5 exd5 29. exd5 Qf6 30. d6+ Kh8 31. Qd5 Nb6 32. Qd4 Nd7 33. Ne5 Nxe5 34.
Qxe5 Qf8 35. c4 Re8 36. Qb5 Rxe1+ 37. Rxe1 Qxd6 38. c5 Qc7 39. Ra1 Qd8 40. c6
Qc7 41. f3 Qd6 42. Rc1 Qd4+ 43. Kf1 Qb4 44. Qxb4 axb4 45. Rb1 Rc8 46. Rxb4 g5
47. Rc4 Kg7 48. Ke2 Kf6 49. c7 Ke7 50. Rc6 Kd7 51. Rxh6 Rxc7 52. Rh7+ Kd6 53.
Rxc7 Kxc7 54. g3 Kd6 55. gxf4 gxf4 56. h4 Ke5 57. h5 Kf6 58. Kd3 Ke5 59. h6 Kf6
60. Ke4 Kg6 61. Kxf4 Kxh6 62. Kg4 Kg6 63. f4 Kf6 64. f5 Kf7 65. Kg5 Kg7 66. f6+
Kf7 67. Kf5 Kf8 68. Kg6 Kg8 69. Kf5 Kf7 70. Ke5 Ke8 71. Ke6 Kf8 72. f7 1-0

[Event "Int. Stuttgarter Stadtmeisterschaft C"]
[Site "Ditzingen"]
[Date "2013.05.09"]
[Round "2.14"]
[White "Afonso, Nils"]
[Black "Zacke, Tamara"]
[Result "1-0"]
[WhiteElo "993"]
[BlackElo "1118"]
[PlyCount "77"]
[EventDate "2013.??.??"]
[WhiteTeam "SF 59 Kornwestheim"]
[BlackTeam "SV Stuttgart-Wolfbusch 1956 e.V."]

1. Nf3 d5 2. g3 Nc6 3. Bg2 e5 4. d3 Bd6 5. O-O Nge7 6. e3 O-O 7. Nc3 f5 8. e4
d4 9. Nd5 Bc5 10. Nxe7+ Qxe7 11. exf5 Bxf5 12. Bg5 Qe6 13. Bh4 h6 14. g4 Bxg4
15. Bg3 Rf6 16. Qc1 Bxf3 17. Bxf3 Rxf3 18. c4 dxc3 19. Qxc3 Qe7 20. Kg2 Raf8
21. a3 Bd4 22. Qb3+ Kh8 23. Qxb7 Qd7 24. Rae1 Qg4 25. Qxc6 Rxf2+ 26. Rxf2 Rxf2+
27. Kh1 Rxb2 28. Qe8+ Kh7 29. Qc6 Qh3 30. Qe4+ g6 31. Qc6 Bf2 32. Qxc7+ Kg8 33.
Qd8+ Kf7 34. Qc7+ Kf6 35. Qxe5+ Kf7 36. Qe7+ Kg8 37. Qe8+ Kg7 38. Be5+ Kh7 39.
Qh8# 1-0

[Event "Int. Stuttgarter Stadtmeisterschaft C"]
[Site "Ditzingen"]
[Date "2013.05.09"]
[Round "2.15"]
[White "Mirosenski, Roman"]
[Black "Albert, Rafael Edwin"]
[Result "0-1"]
[WhiteElo "896"]
[BlackElo "1182"]
[PlyCount "180"]
[EventDate "2013.??.??"]
[WhiteTeam "SF Deizisau"]
[BlackTeam "SF 59 Kornwestheim"]

1. d4 d5 2. c4 e6 3. Nc3 Nf6 4. e3 Bd6 5. Nf3 Nbd7 6. Bd3 c5 7. O-O cxd4 8.
Nxd4 e5 9. Nf5 Nb6 10. Nxg7+ Kf8 11. Nf5 dxc4 12. Nxd6 Qxd6 13. Ne4 Qc6 14.
Nxf6 Qxf6 15. Be4 Qg5 16. f4 exf4 17. Rxf4 Be6 18. Qd6+ Kg7 19. b3 Rad8 20.
Bb2+ Kh6 21. Qb4 Rhg8 22. Raf1 Bd5 23. Rf6+ Kh5 24. R1f5 Bxe4 25. Rxg5+ Rxg5
26. g4+ Rxg4+ 27. Kf2 Rg2+ 28. Ke1 Rxb2 29. Qc3 Rb1+ 30. Kf2 Rd5 31. bxc4 Na4
32. Rh6+ Kxh6 33. Qf6+ Bg6 34. cxd5 Rb2+ 35. Kf3 Rxa2 36. d6 Nb6 37. Qe7 Rd2
38. e4 Nc8 39. Qh4+ Kg7 40. e5 Rd3+ 41. Ke2 b5 42. Qf6+ Kh6 43. Qd8 Nb6 44. Qc7
Nd5 45. Qc1+ Kg7 46. d7 Nc3+ 47. Qxc3 Rxc3 48. d8=Q Rc2+ 49. Kd1 Rxh2 50. Qf6+
Kh6 51. Qf4+ Kg7 52. Qxh2 a5 53. Qb2 b4 54. e6+ Kf8 55. exf7 Kxf7 56. Qf2+ Kg8
57. Qa2+ Kg7 58. Qxa5 b3 59. Qc7+ Bf7 60. Qc3+ Kg6 61. Qxb3 Bxb3+ 62. Kc1 Kf5
63. Kb2 h5 64. Kc3 Kf4 65. Kd2 Kf3 66. Ke1 Kg2 67. Kd2 h4 68. Kc3 h3 69. Kxb3
h2 70. Kb2 h1=R 71. Kc2 Re1 72. Kd2 Re8 73. Kd3 Kf3 74. Kd4 Re3 75. Kd5 Re4 76.
Kc5 Kf4 77. Kd5 Kf5 78. Kd6 Re5 79. Kc6 Ke6 80. Kc7 Rd5 81. Kc6 Ke5 82. Kb6 Kd6
83. Kb7 Rc5 84. Kb6 Kd5 85. Kb7 Rc6 86. Kb8 Kc5 87. Ka7 Rb6 88. Ka8 Kc6 89. Ka7
Kc7 90. Ka8 Ra6# 0-1

[Event "Int. Stuttgarter Stadtmeisterschaft C"]
[Site "Ditzingen"]
[Date "2013.05.09"]
[Round "2.16"]
[White "Dallinger, Frank"]
[Black "Ungerer, Tobias"]
[Result "1-0"]
[WhiteElo "1105"]
[BlackElo "914"]
[PlyCount "61"]
[EventDate "2013.??.??"]
[WhiteTeam "SV Stuttgart-Wolfbusch 1956 e.V."]
[BlackTeam "Schach-Kids Bernhausen e.V."]

1. e4 e5 2. Nf3 Nc6 3. d4 d6 4. d5 Bg4 5. dxc6 bxc6 6. h3 Bh5 7. g4 Bg6 8. Nc3
Be7 9. h4 Nf6 10. Bd3 Nxg4 11. h5 Bxh5 12. Rxh5 g6 13. Rh1 h5 14. Qe2 d5 15.
exd5 cxd5 16. Nxe5 Nxe5 17. Qxe5 O-O 18. Bh6 Bf6 19. Qf4 Re8+ 20. Kd2 d4 21.
Ne4 Be5 22. Qf3 c6 23. b4 a5 24. a3 Qb6 25. Nf6+ Kh8 26. Nxe8 axb4 27. Qxf7
bxa3 28. Bg7+ Kh7 29. Bxe5+ Kh6 30. Bf4+ g5 31. Qg7# 1-0

[Event "Int. Stuttgarter Stadtmeisterschaft C"]
[Site "Ditzingen"]
[Date "2013.05.09"]
[Round "2.17"]
[White "Grimm, Ferdinand"]
[Black "Mackeprang, Jelena"]
[Result "0-1"]
[WhiteElo "842"]
[BlackElo "1094"]
[PlyCount "60"]
[EventDate "2013.??.??"]
[WhiteTeam "SC Gross-Sachsenheim"]
[BlackTeam "SK Schmiden/Cannstatt"]

1. d4 d5 2. Nf3 Nc6 3. Bf4 Bf5 4. e3 Nb4 5. Bd3 Nxd3+ 6. cxd3 e6 7. O-O Nf6 8.
Nc3 Bd6 9. Bxd6 Qxd6 10. Qc2 O-O 11. Nb5 Qd7 12. Nxc7 Rac8 13. Rfc1 Ne8 14.
Nxe8 Rxc2 15. Rxc2 Rxe8 16. Ne5 Qe7 17. Rac1 f6 18. Rc7 fxe5 19. Rxe7 Rxe7 20.
Rc8+ Kf7 21. Ra8 Rc7 22. h3 a6 23. dxe5 Bxd3 24. Rd8 Bb5 25. h4 Rc2 26. h5 h6
27. Kh2 Ke7 28. Rg8 Kf7 29. Rh8 Rxf2 30. Kh3 Re2 0-1

[Event "Int. Stuttgarter Stadtmeisterschaft C"]
[Site "Ditzingen"]
[Date "2013.05.09"]
[Round "2.18"]
[White "Kobald, Pierre"]
[Black "Pillin, Josef"]
[Result "1-0"]
[WhiteElo "1075"]
[BlackElo "828"]
[PlyCount "35"]
[EventDate "2013.??.??"]
[WhiteTeam "SV Stuttgart-Wolfbusch 1956 e.V."]
[BlackTeam "SSV Zuffenhausen"]

1. e4 e5 2. Nf3 Nc6 3. d4 d6 4. d5 Nce7 5. c4 g6 6. Nc3 Bg7 7. b4 c5 8. bxc5
dxc5 9. Bd3 f5 10. O-O Nf6 11. Nxe5 Nxe4 12. d6 Qxd6 13. Nb5 Qxe5 14. Bxe4 Qxa1
15. Nc7+ Kf8 16. Qd8+ Kf7 17. Bd5+ Kf6 18. Qd6+ 1-0

[Event "Int. Stuttgarter Stadtmeisterschaft C"]
[Site "Ditzingen"]
[Date "2013.05.09"]
[Round "2.19"]
[White "Lehmann, Felix"]
[Black "Jüttner, Dennis"]
[Result "0-1"]
[WhiteElo "775"]
[BlackElo "1064"]
[PlyCount "158"]
[EventDate "2013.??.??"]
[WhiteTeam "SF Freiberg"]
[BlackTeam "SpVgg Rommelshausen"]

1. d4 e6 2. Nf3 d5 3. Nc3 c5 4. e3 cxd4 5. exd4 Nc6 6. Bb5 Qb6 7. Qd3 Nf6 8.
Na4 Qc7 9. Ne5 a6 10. Bxc6+ bxc6 11. Bf4 Bd6 12. O-O O-O 13. Qg3 Bxe5 14. dxe5
Nh5 15. Qg4 Nxf4 16. Qxf4 f6 17. Rfe1 fxe5 18. Qxe5 Qa7 19. Qd6 Qxf2+ 20. Kh1
Qxc2 21. Rf1 Rxf1+ 22. Rxf1 Bb7 23. Qxe6+ Kh8 24. Qe7 Rg8 25. h3 Bc8 26. Rf8
Qg6 27. Nc5 Bf5 28. Qd8 Be6 29. Qd6 Rxf8 30. Qxf8+ Bg8 31. Nxa6 d4 32. Nc5 d3
33. Nxd3 Qxd3 34. a4 Qb1+ 35. Kh2 Qxb2 36. Qa8 c5 37. a5 c4 38. a6 c3 39. Qb7
Qa2 40. a7 c2 41. a8=Q Qxa8 42. Qxa8 c1=Q 43. h4 Qf4+ 44. g3 Qf5 45. Qe8 Qf7
46. Qc8 Qe6 47. Qb8 h6 48. Qd8 Kh7 49. Qd3+ Qg6 50. Qxg6+ Kxg6 51. Kh3 Be6+ 52.
Kh2 Kh5 53. Kg2 Kg4 54. Kh2 h5 55. Kg2 Bd5+ 56. Kh2 Bc6 57. Kg1 Kxg3 58. Kf1
Kxh4 59. Kf2 g5 60. Kg1 Kg3 61. Kf1 Kh2 62. Kf2 g4 63. Kf1 g3 64. Ke2 g2 65.
Kd3 g1=Q 66. Kc4 Qg5 67. Kd4 Qf5 68. Kc4 Qe5 69. Kb4 Qd5 70. Kc3 h4 71. Kb4 h3
72. Kc3 Qe4 73. Kb3 Qd4 74. Kc2 Qe3 75. Kb2 Qd3 76. Ka2 Qc3 77. Kb1 Be4+ 78.
Ka2 Qb4 79. Ka1 Qb1# 0-1

[Event "Int. Stuttgarter Stadtmeisterschaft C"]
[Site "Ditzingen"]
[Date "2013.05.09"]
[Round "2.20"]
[White "Klein, Werner"]
[Black "Stockburger, Marius"]
[Result "1-0"]
[WhiteElo "1043"]
[BlackElo "787"]
[PlyCount "49"]
[EventDate "2013.??.??"]
[WhiteTeam "SV Stuttgart-Wolfbusch 1956 e.V."]
[BlackTeam "SF Freiberg"]

1. e4 d5 2. exd5 Qxd5 3. Nf3 Bg4 4. Be2 Qe6 5. Nd4 Qe4 6. O-O Bxe2 7. Nxe2 Nc6
8. Nbc3 Qh4 9. d3 e5 10. Ng3 Nf6 11. h3 O-O-O 12. Nce2 Bc5 13. Nf5 Qh5 14. Nfg3
Qh4 15. Bd2 g5 16. Nf5 Qh5 17. Neg3 Qg6 18. b4 Bd4 19. c3 Bb6 20. b5 Na5 21.
Ne7+ Kb8 22. Nxg6 Rhg8 23. Nxe5 Rgf8 24. Bxg5 Rd5 25. Bxf6 1-0

[Event "Int. Stuttgarter Stadtmeisterschaft C"]
[Site "Ditzingen"]
[Date "2013.05.09"]
[Round "2.21"]
[White "Hauger, Albrecht"]
[Black "Aksit, Ali Tayyib"]
[Result "1-0"]
[WhiteElo "1018"]
[BlackElo "742"]
[PlyCount "105"]
[EventDate "2013.??.??"]
[WhiteTeam "SC Schachmatt Botnang"]
[BlackTeam "SF Freiberg"]

1. d4 d5 2. e3 Nf6 3. c4 Nc6 4. Nc3 e6 5. a3 e5 6. dxe5 Nxe5 7. cxd5 c6 8. e4
Bg4 9. Be2 Bxe2 10. Ngxe2 Qa5 11. O-O O-O-O 12. Bd2 Qc5 13. dxc6 Nf3+ 14. gxf3
bxc6 15. Qc2 Qh5 16. Kg2 Bd6 17. Ng3 Qg6 18. Nb5 Kb7 19. Nxd6+ Rxd6 20. Rac1
Rc8 21. e5 Qxc2 22. Rxc2 Re6 23. exf6 gxf6 24. Re1 Rxe1 25. Bxe1 Re8 26. Bc3
Re6 27. Re2 Rxe2 28. Nxe2 c5 29. Bxf6 Kb6 30. Bc3 a5 31. Nf4 Kb5 32. Kg3 c4 33.
Kg4 Kc5 34. Kg5 Kd6 35. Kf6 h6 36. Kxf7 a4 37. Kf6 Kd7 38. Kg6 Ke7 39. Kxh6 Kf7
40. Nd5 Ke6 41. Nb6 Kd6 42. Nxa4 Kd5 43. h4 Ke6 44. Kg6 Ke7 45. h5 Kf8 46. h6
Ke7 47. h7 Kd6 48. h8=Q Kc6 49. Qc8+ Kb5 50. Nc5 Kb6 51. Nd7+ Kb5 52. Qc5+ Ka4
53. Qxc4# 1-0

[Event "Int. Stuttgarter Stadtmeisterschaft C"]
[Site "Ditzingen"]
[Date "2013.05.09"]
[Round "2.22"]
[White "Reichardt, Felix  Alexander"]
[Black "Fischer, Robert"]
[Result "0-1"]
[WhiteElo "690"]
[BlackElo "1013"]
[PlyCount "110"]
[EventDate "2013.??.??"]
[WhiteTeam "SF Markgräflerland e."]
[BlackTeam "TSG Steinheim"]

1. Nf3 c5 2. e4 e6 3. c4 Nc6 4. Nc3 Nf6 5. d3 Bd6 6. Bg5 O-O 7. Be2 Bb8 8. b3
Qc7 9. g3 b6 10. Bf4 Qd8 11. Bxb8 Rxb8 12. a4 Ng4 13. O-O Qf6 14. Rc1 Nge5 15.
Nxe5 Qxe5 16. f4 Qd4+ 17. Rf2 Qf6 18. e5 Qe7 19. Bf3 Nd4 20. Be4 f5 21. Bg2 Bb7
22. Bxb7 Rxb7 23. b4 cxb4 24. Ne2 Nxe2+ 25. Rxe2 Qc5+ 26. Rf2 Rd8 27. d4 Qc7
28. Rb2 a5 29. Rd2 Qc8 30. c5 Rc7 31. d5 Re8 32. d6 Rxc5 33. Rdc2 Qc6 34. h3
Rc8 35. Rxc5 bxc5 36. g4 fxg4 37. hxg4 c4 38. f5 Kf7 39. g5 g6 40. fxe6+ Kxe6
41. Kf1 c3 42. Qe1 Qc4+ 43. Kf2 Qd4+ 44. Kf1 Qxe5 45. Qe2 Qxe2+ 46. Kxe2 b3 47.
Kd3 b2 48. Re1+ Kxd6 49. Rb1 c2 50. Rxb2 c1=Q 51. Rb3 Qd1+ 52. Ke4 Rc4+ 53. Ke3
Qxb3+ 54. Kf2 Rc2+ 55. Kg1 Qb1# 0-1

[Event "Int. Stuttgarter Stadtmeisterschaft C"]
[Site "Ditzingen"]
[Date "2013.05.09"]
[Round "2.24"]
[White "Ustaosman, Hasan"]
[Black "Leutschaft, Jonathan"]
[Result "1-0"]
[WhiteElo "976"]
[BlackElo "741"]
[PlyCount "79"]
[EventDate "2013.??.??"]
[WhiteTeam "TSG Steinheim"]
[BlackTeam "SF 59 Kornwestheim"]

1. e4 e5 2. f4 exf4 3. Nf3 Nf6 4. e5 Ne4 5. d4 d5 6. exd6 Bxd6 7. Bc4 O-O 8.
O-O Bg4 9. Bd5 Nc5 10. b4 Be7 11. dxc5 c6 12. Bb3 Nd7 13. Bxf4 Bf6 14. c3 Re8
15. Bd6 Bg5 16. Bxf7+ Kxf7 17. Ne5+ Kg8 18. Nxg4 h5 19. Nf2 Be3 20. Nd2 Nf6 21.
h3 Nd5 22. Qe2 Qh4 23. Nf3 Qf6 24. Kh1 Qh6 25. Nh4 Qh7 26. Qf3 Nxc3 27. Ng4
hxg4 28. Qf7+ Kh8 29. Ng6+ Qxg6 30. Qxg6 gxh3 31. Qh5+ Kg8 32. gxh3 Ne4 33.
Qf7+ Kh7 34. Rf5 Ng5 35. Qh5+ Kg8 36. Rxg5 Bxg5 37. Qxg5 Re4 38. Rg1 g6 39.
Qxg6+ Kh8 40. Qg7# 1-0

[Event "Int. Stuttgarter Stadtmeisterschaft C"]
[Site "Ditzingen"]
[Date "2013.05.10"]
[Round "3.1"]
[White "Erben, Katrin"]
[Black "Winterkorn, Nikolaus"]
[Result "1/2-1/2"]
[WhiteElo "1272"]
[BlackElo "1456"]
[PlyCount "48"]
[EventDate "2013.??.??"]
[WhiteTeam "SV Stuttgart-Wolfbusch 1956 e.V."]
[BlackTeam "DJK Sportbund Stuttgart e.V."]

1. e4 e6 2. d4 d5 3. e5 c5 4. c3 Nc6 5. Bb5 Bd7 6. Ne2 Be7 7. O-O a6 8. Bxc6
Bxc6 9. Be3 b6 10. Nd2 Bb5 11. a4 Bxe2 12. Qxe2 Bg5 13. f4 Be7 14. Qf2 c4 15.
f5 Qd7 16. Qg3 g6 17. f6 Bf8 18. Qh4 h5 19. g4 Bh6 20. g5 Bf8 21. Rfb1 Be7 22.
fxe7 Nxe7 23. Qf4 Nf5 24. h4 Ke7 1/2-1/2

[Event "Int. Stuttgarter Stadtmeisterschaft C"]
[Site "Ditzingen"]
[Date "2013.05.10"]
[Round "3.2"]
[White "Thomas, Leonhard"]
[Black "Malheur, Lothar"]
[Result "1-0"]
[WhiteElo "1445"]
[BlackElo "1280"]
[PlyCount "67"]
[EventDate "2013.??.??"]
[WhiteTeam "SV Fellbach"]
[BlackTeam "SF Birkenfeld"]

1. e4 c6 2. Nf3 d5 3. exd5 cxd5 4. d4 Nf6 5. Nc3 Bg4 6. Be2 Nbd7 7. Bg5 e6 8.
Ne5 Bxe2 9. Qxe2 Qb6 10. Qb5 Qxd4 11. Bxf6 Rd8 12. Nxd7 gxf6 13. Ne5+ Ke7 14.
Qxb7+ Ke8 15. Nc6 Qb6 16. Qxb6 axb6 17. Nxd8 Kxd8 18. O-O Kd7 19. a4 h5 20. a5
Kc6 21. a6 Bb4 22. Rfb1 b5 23. Ne2 Ra8 24. Ra2 Kb6 25. c3 Bd6 26. Rba1 Ra7 27.
Nd4 b4 28. cxb4 Bxb4 29. Rc1 Bc5 30. Nb3 Bd6 31. Rc8 h4 32. g3 f5 33. Nd4 Bf4
34. Rc6# 1-0

[Event "Int. Stuttgarter Stadtmeisterschaft C"]
[Site "Ditzingen"]
[Date "2013.05.10"]
[Round "3.4"]
[White "Fink, Konstantin"]
[Black "Schwarz, Manuel"]
[Result "0-1"]
[WhiteElo "1289"]
[BlackElo "1200"]
[PlyCount "68"]
[EventDate "2013.??.??"]
[WhiteTeam "SC Lechhausen"]
[BlackTeam "SVG Vaihingen/Enz"]

1. e4 c5 2. Nf3 Nc6 3. d4 cxd4 4. Nxd4 d6 5. Bg5 g6 6. Nc3 Bg7 7. Nxc6 bxc6 8.
Qd2 Qa5 9. Bd3 Rb8 10. Nd1 Qxd2+ 11. Bxd2 Nf6 12. O-O O-O 13. Rb1 Be6 14. b3
Nd7 15. Be3 c5 16. Nb2 f5 17. exf5 Bxf5 18. Bxf5 Rxf5 19. Nd3 Bc3 20. h3 a5 21.
a4 Nb6 22. g4 Rf3 23. Kg2 Rbf8 24. Bg5 Nd5 25. Ne1 R3f7 26. Rd1 Bd4 27. Nd3 Nc3
28. Rde1 e5 29. Be3 Bxe3 30. Rxe3 e4 31. Nxc5 Nd5 32. Ne6 Nxe3+ 33. fxe3 Rxf1
34. Nxf8 Rxf8 0-1

[Event "Int. Stuttgarter Stadtmeisterschaft C"]
[Site "Ditzingen"]
[Date "2013.05.10"]
[Round "3.5"]
[White "Wasielewski, Kim-Luca"]
[Black "Walliser, Pascal"]
[Result "1/2-1/2"]
[WhiteElo "1420"]
[BlackElo "1157"]
[PlyCount "56"]
[EventDate "2013.??.??"]
[WhiteTeam "Heilbronner SV"]
[BlackTeam "SK Sontheim/Brenz e.V."]

1. e4 e5 2. Nf3 Nc6 3. Bc4 Bc5 4. b4 Bb6 5. a4 a5 6. b5 Nd4 7. O-O d6 8. c3
Nxf3+ 9. Qxf3 Nf6 10. Re1 O-O 11. h3 Be6 12. Qe2 Re8 13. Na3 d5 14. exd5 Bxd5
15. Qd1 Ne4 16. d4 exd4 17. cxd4 Bxc4 18. Nxc4 Bxd4 19. Be3 Bxa1 20. Qxa1 Qf6
21. Bd4 Qh6 22. Ne5 Nd6 23. Be3 Qf6 24. Bd4 Nf5 25. Bc3 Qd6 26. Qa2 Qe6 27. Qc2
Rad8 28. Nc6 Qd5 1/2-1/2

[Event "Int. Stuttgarter Stadtmeisterschaft C"]
[Site "Ditzingen"]
[Date "2013.05.10"]
[Round "3.6"]
[White "Leykauf, Thomas"]
[Black "Afonso, Nils"]
[Result "1-0"]
[WhiteElo "1380"]
[BlackElo "993"]
[PlyCount "37"]
[EventDate "2013.??.??"]
[WhiteTeam "SF HN-Biberach 1978 e.V."]
[BlackTeam "SF 59 Kornwestheim"]

1. e4 e5 2. f4 exf4 3. Nf3 d5 4. exd5 Qxd5 5. Nc3 Qd8 6. Bc4 Nc6 7. d4 Bg4 8.
O-O Nxd4 9. Bxf7+ Kxf7 10. Ne5+ Ke8 11. Nxg4 Bc5 12. Kh1 Nf5 13. Bxf4 Qxd1 14.
Raxd1 h5 15. Rfe1+ Kf8 16. Ne5 Bd6 17. Ng6+ Kf7 18. Nxh8+ Kf6 19. Nd5# 1-0

[Event "Int. Stuttgarter Stadtmeisterschaft C"]
[Site "Ditzingen"]
[Date "2013.05.10"]
[Round "3.7"]
[White "Giebler, Kai"]
[Black "Bauer, Frank"]
[Result "1/2-1/2"]
[WhiteElo "1220"]
[BlackElo "1304"]
[PlyCount "108"]
[EventDate "2013.??.??"]
[WhiteTeam "TSF Ditzingen"]
[BlackTeam "SC Feuerbach e. V."]

1. e4 e5 2. Nf3 d6 3. Nc3 Nf6 4. Bc4 Be7 5. d3 O-O 6. Bg5 c6 7. Qd2 b5 8. Bb3
Nbd7 9. O-O Nc5 10. Rfe1 Nxb3 11. axb3 a6 12. d4 Qc7 13. d5 c5 14. Nxb5 Qb6 15.
Nc3 Bd7 16. Ra2 Ra7 17. Qd3 Rfa8 18. Na4 Qb7 19. c4 Rb8 20. Re3 h6 21. Bh4 g5
22. Bg3 Nh5 23. Nd2 Nf4 24. Bxf4 gxf4 25. Re2 Kh7 26. Kh1 Rg8 27. Re1 Raa8 28.
Rg1 Rg7 29. f3 Rag8 30. Qe2 Bh3 31. g3 fxg3 32. hxg3 Rxg3 33. Rxg3 Rxg3 34. Qh2
Bg2+ 35. Kg1 Rg6 36. Kf2 Qb4 37. Nc3 Qb7 38. Ra1 Qc8 39. Rg1 Bh3 40. Rxg6 fxg6
41. Ke2 Bg5 42. Ncb1 Bf4 43. Qh1 g5 44. Qg1 g4 45. fxg4 Bxg4+ 46. Kd3 h5 47.
Qh1 Qg8 48. Nf1 Qg5 49. Nbd2 Bxd2 50. Nxd2 Kh6 51. Nf3 Bxf3 52. Qxf3 a5 53.
Qf8+ Kh7 54. Qf7+ Kh6 1/2-1/2

[Event "Int. Stuttgarter Stadtmeisterschaft C"]
[Site "Ditzingen"]
[Date "2013.05.10"]
[Round "3.8"]
[White "Spasovski, Dusan"]
[Black "Reichmann, Bernd"]
[Result "1/2-1/2"]
[WhiteElo "1111"]
[BlackElo "1137"]
[PlyCount "59"]
[EventDate "2013.??.??"]
[WhiteTeam "VfL Sindelfingen"]
[BlackTeam "SV Fellbach"]

1. e4 e5 2. Nf3 Nc6 3. Bb5 d6 4. d4 exd4 5. Nxd4 Bd7 6. O-O Nxd4 7. Bxd7+ Qxd7
8. Qxd4 f6 9. Nc3 c6 10. Bd2 Ne7 11. Bh6 Ng6 12. Bd2 a6 13. Na4 c5 14. Qc4 Ne5
15. Qb3 Qf7 16. Qg3 b5 17. Nb6 Rb8 18. Nd5 Qd7 19. Rad1 Be7 20. Qa3 Qb7 21. Qg3
g6 22. b3 Kd7 23. f4 Nc6 24. Qh3+ Ke8 25. f5 g5 26. Qh5+ Kd7 27. Qf7 Rbf8 28.
Qe6+ Ke8 29. Nxe7 Qxe7 30. Qd5 1/2-1/2

[Event "Int. Stuttgarter Stadtmeisterschaft C"]
[Site "Ditzingen"]
[Date "2013.05.10"]
[Round "3.9"]
[White "Fais, Sami"]
[Black "Kobald, Pierre"]
[Result "1-0"]
[WhiteElo "1413"]
[BlackElo "1075"]
[PlyCount "83"]
[EventDate "2013.??.??"]
[WhiteTeam "VfL Sindelfingen"]
[BlackTeam "SV Stuttgart-Wolfbusch 1956 e.V."]

1. d4 Nf6 2. c4 e6 3. Nc3 Bb4 4. Nf3 h6 5. Bf4 O-O 6. Qc2 b6 7. e4 Bxc3+ 8.
bxc3 Bb7 9. Bd3 d5 10. cxd5 exd5 11. e5 Ne4 12. O-O Nd7 13. Rae1 c5 14. Nd2 f5
15. exf6 Ndxf6 16. f3 c4 17. Bxe4 dxe4 18. fxe4 Nh5 19. Be3 Qd6 20. Nxc4 Qg6
21. Nd2 Rae8 22. d5 Rxf1+ 23. Rxf1 Bxd5 24. Qa4 Bxe4 25. Nxe4 Rxe4 26. Qc2 Qe6
27. Bd4 Re2 28. Qb3 Qxb3 29. axb3 Nf6 30. Bxf6 gxf6 31. Rxf6 Kg7 32. Rc6 Rc2
33. b4 a5 34. Rxb6 axb4 35. cxb4 Rc1+ 36. Kf2 Rc2+ 37. Kg3 Rc3+ 38. Kh4 Rc4+
39. Kh3 h5 40. b5 Rc6 41. g3 h4 42. Kxh4 1-0

[Event "Int. Stuttgarter Stadtmeisterschaft C"]
[Site "Ditzingen"]
[Date "2013.05.10"]
[Round "3.10"]
[White "Jelisavac, Nenad"]
[Black "Klein, Werner"]
[Result "0-1"]
[WhiteElo "1390"]
[BlackElo "1043"]
[PlyCount "114"]
[EventDate "2013.??.??"]
[WhiteTeam "SK Sieker Bielefeld"]
[BlackTeam "SV Stuttgart-Wolfbusch 1956 e.V."]

1. c4 e6 2. e4 Ne7 3. d4 d5 4. e5 c5 5. Nf3 Nec6 6. cxd5 exd5 7. Bb5 Be7 8. O-O
O-O 9. Bxc6 Nxc6 10. Re1 b6 11. Be3 Bg4 12. h3 Bf5 13. Nc3 c4 14. Qd2 a6 15.
Rac1 b5 16. a3 b4 17. axb4 Nxb4 18. Red1 Nd3 19. Ra1 Be6 20. Ne2 f6 21. Nf4 Bf5
22. g4 Be4 23. Ne1 Nxf4 24. Bxf4 f5 25. f3 Bxf3 26. Nxf3 fxg4 27. hxg4 Qc8 28.
Nh2 Qc6 29. Rf1 h6 30. Bg3 g5 31. Qc2 Qb6 32. Nf3 Qe6 33. Nh2 Qb6 34. Rad1 a5
35. Be1 Kg7 36. Bc3 a4 37. Rf5 Qe6 38. Rdf1 a3 39. bxa3 Rxa3 40. Rxf8 Bxf8 41.
Rxf8 Rxc3 42. Qxc3 Kxf8 43. Qf3+ Qf7 44. Qxf7+ Kxf7 45. Kf2 Kg6 46. Ke3 h5 47.
gxh5+ Kxh5 48. Nf3 g4 49. Nd2 Kg5 50. Nb1 Kf5 51. Nc3 Kg5 52. Nxd5 Kf5 53. Nb6
c3 54. Nd5 c2 55. Kd2 c1=Q+ 56. Kxc1 Ke6 57. Nf6 g3 0-1

[Event "Int. Stuttgarter Stadtmeisterschaft C"]
[Site "Ditzingen"]
[Date "2013.05.10"]
[Round "3.11"]
[White "Jüttner, Dennis"]
[Black "Sax, Leon"]
[Result "0-1"]
[WhiteElo "1064"]
[BlackElo "1268"]
[PlyCount "90"]
[EventDate "2013.??.??"]
[WhiteTeam "SpVgg Rommelshausen"]
[BlackTeam "SC Gross-Sachsenheim"]

1. e4 e6 2. Nf3 d5 3. exd5 exd5 4. Bd3 Bd6 5. O-O Ne7 6. Nc3 Bg4 7. b3 Nbc6 8.
Bb2 f6 9. Re1 Qd7 10. Nxd5 Bxh2+ 11. Kxh2 Qxd5 12. Kg1 Bxf3 13. Qxf3 Qxf3 14.
gxf3 O-O-O 15. a4 Ng6 16. Bf5+ Kb8 17. a5 Rxd2 18. a6 b6 19. Be4 Nce5 20. f4
Nxf4 21. Bc1 Ne2+ 22. Kf1 Nxc1 23. Raxc1 h5 24. Rcd1 Rxd1 25. Rxd1 h4 26. Bf5
g5 27. Kg2 g4 28. Kh2 Nf3+ 29. Kg2 h3+ 30. Kh1 Ne5 31. c4 c5 32. Kh2 Kc7 33.
Kg1 Rd8 34. Rxd8 Kxd8 35. Be4 Ke7 36. Kh2 Ke6 37. Ba8 Kf5 38. Kg3 Kg5 39. Kh2
f5 40. Kg3 Nd3 41. Bc6 f4+ 42. Kh2 Nxf2 43. Kg1 g3 44. Bf3 Kh4 45. Bd5 h2+ 0-1

[Event "Int. Stuttgarter Stadtmeisterschaft C"]
[Site "Ditzingen"]
[Date "2013.05.10"]
[Round "3.12"]
[White "Stegmiller, Dennis"]
[Black "Hauger, Albrecht"]
[Result "1/2-1/2"]
[WhiteElo "1254"]
[BlackElo "1018"]
[PlyCount "40"]
[EventDate "2013.??.??"]
[WhiteTeam "TSF Ditzingen"]
[BlackTeam "SC Schachmatt Botnang"]

1. c4 c5 2. Nc3 e6 3. Nf3 Nc6 4. g3 b6 5. Bg2 Bb7 6. Ne5 Qc7 7. Nd3 Nf6 8. O-O
Be7 9. Rb1 a6 10. a3 d6 11. b4 cxb4 12. axb4 Rb8 13. b5 axb5 14. Nxb5 Qd8 15.
Bb2 e5 16. Qc2 O-O 17. Ra1 Na5 18. Nb4 Bxg2 19. Kxg2 Qc8 20. d3 Qe6 1/2-1/2